ბათუმის შოთა რუსთაველის სახელმწიფო უნივერსიტეტის ბიბლიოთეკა

რჩეული თხზულებანი : 5 ტომად. ტ. 4 : პიესები (ბიბ.ჩანაწერი № 49974)

000 -LEADER
fixed length control field 00919nam a2200217Ia 4500
001 - CONTROL NUMBER
control field 16910
003 - CONTROL NUMBER IDENTIFIER
control field GE_BSU
008 - FIXED-LENGTH DATA ELEMENTS--GENERAL INFORMATION
fixed length control field 181216s||||||||xx |||||||||||||| ||und||
040 ## - CATALOGING SOURCE
Transcribing agency GE_BSU
080 ## - UNIVERSAL DECIMAL CLASSIFICATION NUMBER
Universal Decimal Classification number 821.353.31
100 ## - MAIN ENTRY--PERSONAL NAME
Personal name დადიანი, შალვა
245 ## - TITLE STATEMENT
Title რჩეული თხზულებანი : 5 ტომად. ტ. 4 : პიესები
245 ## - TITLE STATEMENT
Statement of responsibility, etc. რედ. კოლ.: ბ. ჟღენტი და სხვა
260 ## - PUBLICATION, DISTRIBUTION, ETC.
Place of publication, distribution, etc. თბილისი
260 ## - PUBLICATION, DISTRIBUTION, ETC.
Name of publisher, distributor, etc. საბჭ. საქართველო
260 ## - PUBLICATION, DISTRIBUTION, ETC.
Date of publication, distribution, etc. 1961.
300 ## - PHYSICAL DESCRIPTION
Extent 399 გვ.22 სმ.
653 ## - INDEX TERM--UNCONTROLLED
Uncontrolled term გუშინდელნი; კაკალ გულში; თეთნულდი; შავი ქვა; არაფერიც არ იქნება; უწა-უწა; ცოცხი და ლოკოკინა
653 ## - INDEX TERM--UNCONTROLLED
Uncontrolled term პიესები
942 ## - ADDED ENTRY ELEMENTS (KOHA)
Koha item type წიგნი
ეგზემპლარები
Withdrawn status Lost status Damaged status Not for loan Date acquired Barcode Date last seen Price effective from Koha item type
        2018-12-17 22037 2018-12-17 2018-12-17 წიგნი
        2018-12-17 22038 2018-12-17 2018-12-17 წიგნი